000 00215 a2200097 4500
001 7719
100 _aRumsey, V.H
245 _aFrequeney independent antennas
260 _a
_bAcademic Press
_c
090 _c6177
_d6177
942 _aNUST-CAE
_cM
_c32686
999 _c242792
_d242792